| 000 | 07995 a2200709 4500 | ||
|---|---|---|---|
| 005 | 20080819155215.0 | ||
| 008 | 080819t xxu||||| |||| 00| 0 eng d | ||
| 010 | _aENG-84755 | ||
| 020 |
_a8189766112 _c425.00 |
||
| 035 | _aEN-68288 | ||
| 035 | _aB-270634-668 | ||
| 037 | _bDBAD / PUB | ||
| 037 | _bVitasta/182/08-09/27.5.08/103/16.5.08/5.6.08 | ||
| 040 |
_adpl _bEnglish |
||
| 082 | _a921 | ||
| 100 | _aAguiar, Benny | ||
| 245 |
_aIndira Gandhi _ba political biography _cBenny Aguiar |
||
| 260 |
_aNew Delhi _bVitasta Publishing _c2007 |
||
| 270 |
_a2/15, Ist Floor, Ansari Road, Darya Ganj _bNew Delhi _cDelhi _e110002 |
||
| 300 |
_ax,220p _c22 cm. (Hb) |
||
| 650 |
_aBiography _xpolitical |
||
| 942 |
_adpl _cEN _2ddc _h921 _mAGU |
||
| 999 |
_c305 _d305 |
||